Principles and Techniques of Effective Business Communication. (Record no. 31)

MARC details
005 - DATE AND TIME OF LATEST TRANSACTION
control field 20250607084617.0
020 ## - INTERNATIONAL STANDARD BOOK NUMBER
International Standard Book Number 0-15-571307-8
082 ## - DEWEY DECIMAL CLASSIFICATION NUMBER
Classification number 001.51 KRE
100 ## - MAIN ENTRY--PERSONAL NAME
Author name KREY, I. A.
245 ## - TITLE STATEMENT
Title Principles and Techniques of Effective Business Communication.
250 ## - EDITION STATEMENT
Edition statement 2nd Ed.
260 ## - PUBLICATION, DISTRIBUTION, ETC.
Place of publication, distribution, etc. New York,
Name of publisher, distributor, etc. Harcourt Brace Jovanovich,
Date of publication, distribution, etc. 1968.
300 ## - PHYSICAL DESCRIPTION
Extent xviii, 600p.: ill.; figure.
Other physical details Glossary & Index
Dimensions 27cm
700 ## - ADDED ENTRY--PERSONAL NAME
Other authors/Editors METZLER, B. V. & DRISKA, R. S.
942 ## - ADDED ENTRY ELEMENTS (KOHA)
Source of classification or shelving scheme Dewey Decimal Classification
Koha item type Books
Holdings
Date last seen Total checkouts Full call number Barcode Cost, replacement price Price effective from Koha item type Lost status Source of classification or shelving scheme Damaged status Not for loan Withdrawn status Home library Current library Shelving location Date acquired Cost, normal purchase price
03/06/2025   001.51 KRE 00000045 45000.00 03/05/2025 Books   Dewey Decimal Classification       College of Business Education Main Library College of Business Education Main Library General Collection 04/14/1970 15000.00